| 000 | 00474nab a2200145Ia 4500 | ||
|---|---|---|---|
| 003 | ES-SlBCS | ||
| 005 | 20210601132846.0 | ||
| 008 | 140529s1955 xxu||||| |||| 00| 0 ita d | ||
| 041 | _aita | ||
| 100 | 1 |
_aGray, Christopher _9131470 |
|
| 245 | 0 | 0 |
_aLa persona ed i soggetti collettivi nella filosofia del Rosmini _c Christopher Gray |
| 600 | 1 | 4 |
_aRosmini-Filosofía _9199574 |
| 773 | 0 |
_tGiornali di Metafisica _gvol. 10, nº. 4-5, 1955, págs. 597-611 _w0017-0372 |
|
| 942 | _cAR | ||
| 999 |
_c586770 _d586770 |
||